000 00512nam a2200169 4500
001 110061
003 ES-MaACL
005 20230906184953.0
007 t|
008 061121s1944 sp r ||||1| spa d
100 1 _aO'Brien, John.
_986285
245 1 0 _aSan Agustín, luz de Africa /
_cJohn O'Brien; versión del inglés por Manuel Díaz de León.
260 _aMéxico :
_bAbside,
_c1944.
300 _a35 p. ;
_c23 cm.
700 1 _aDíaz de León, Manuel.
_944240
852 _aES-MaACL
_j1883-F-13
_bR.25815
999 _c110061
_d110061